| 000 | 00357 a2200133 4500 | ||
|---|---|---|---|
| 020 | _a9780415109062 | ||
| 040 |
_aDLC _bDLC |
||
| 100 | _aRussell, Bertrand | ||
| 245 |
_aThe impact of science on society _cRussell, Bertrand |
||
| 260 |
_aNew York : _bRoutledge, _c1952. |
||
| 300 |
_a127 p. _c22 cm. |
||
| 650 | _a Science--Philosophy | ||
| 942 |
_cBK _k504 RUS _2ddc |
||
| 999 |
_c10292 _d10292 |
||